000
00317nam a2200133Ia 4500
008
150201s2009 xx 000 0 und d
082
_a
6912.015
_b
B09N
100
_a
NAGINI,S
245
_a
INSTANT BIOCHEMISTRY
250
_a
1ST
260
_b
ANE BOOK PUB.
_a
DELHI
_c
2009
650
_a
BIOCHEMISTRY
942
_2
ddc
_c
BK
_0
25
999
_c
928
_d
928